[Event "FRA-ch op-B"]
[Site "Albi"]
[Date "2022.08.16"]
[Round "4"]
[White "Perrouin, Alexian"]
[Black "Ragneau, Freddy"]
[Result "0-1"]
[WhiteElo "1922"]
[BlackElo "1858"]
[PlyCount "138"]
[EventDate "2022.08.13"]
[EventType "swiss"]
[EventRounds "9"]
[EventCountry "FRA"]
[SourceTitle "CBM 210 Extra"]
[Source "ChessBase"]
[SourceDate "2022.11.30"]
[SourceVersion "1"]
[SourceVersionDate "2022.11.30"]
[SourceQuality "1"]

1. e4 c5 2. Nf3 g6 3. c3 Bg7 4. d4 cxd4 5. cxd4 Nf6 6. Nc3 d6 7. h3 0-0 8. Bd3 e6 9. Be3 a6 10. a4 Nc6 11. 0-0 d5 12. e5 Nd7 13. Qd2 Na5 14. Qc2 f6 15. exf6 Nxf6 16. b4 Nc6 17. Qb3 Ne7 18. Ne5 Nd7 19. f4 Nxe5 20. fxe5 Nf5 21. Bxf5 Rxf5 22. g4 Rxf1+ 23. Rxf1 b6 24. g5 Ra7 25. Nd1 Rc7 26. Nf2 Rc4 27. Rc1 Qc7 28. Qb2 Bd7 29. b5 axb5 30. axb5 Rxc1+ 31. Qxc1 Qxc1+ 32. Bxc1 Bf8 33. Ng4 Bxb5 34. Kf2 Kg7 35. Bb2 Bb4 36. h4 Bd2 37. Nh2 Bd3 38. Nf3 Bb4 39. Ke3 Bc2 40. Ke2 Kf7 41. Nh2 Bf5 42. Nf1 Bg4+ 43. Kf2 Ke8 44. Ne3 Bh5 45. Nc2 Bd2 46. Na3 h6 47. gxh6 Bxh6 48. Nb5 Kd7 49. Na7 Bd1 50. Nb5 Bd2 51. Kf1 Be3 52. Ke1 Bb3 53. Ke2 Bh6 54. Kf3 Bc4 55. Nd6 Bd3 56. Nf7 Bd2 57. Kg3 b5 58. Kf2 b4 59. Ng5 Bf5 60. Nf3 Bf4 61. Ng5 Kc6 62. Nf7 Kb6 63. Nd6 Bd3 64. Kf3 Bh6 65. Kf2 Ka5 66. Nb7+ Kb5 67. Nc5 Bf5 68. Ke2 Kc4 69. Ke1 Be3 0-1

[Event "FRA-ch Blitz Online Qual"]
[Site "Europe Echecs INT"]
[Date "2020.05.16"]
[Round "14"]
[White "Monmaille, Eric"]
[Black "Ragneau, Freddy"]
[Result "0-1"]
[WhiteElo "1400"]
[BlackElo "1859"]
[PlyCount "66"]
[EventDate "2020.05.16"]
[EventType "swiss (blitz)"]
[EventRounds "15"]
[EventCountry "FRA"]
[SourceTitle "CBM 196 Extra"]
[Source "ChessBase"]
[SourceDate "2020.07.31"]
[SourceVersion "1"]
[SourceVersionDate "2020.07.31"]
[SourceQuality "1"]

1. e4 Nf6 2. Nc3 d5 3. exd5 Nxd5 4. Nxd5 Qxd5 5. Nf3 g6 6. c3 Bg7 7. d4 0-0 8. Bd3 c5 9. 0-0 Bg4 10. Be2 Nc6 11. Be3 cxd4 12. Nxd4 Bxe2 13. Nxe2 Rad8 14. Qc2 b6 15. Rad1 Qe6 16. Nd4 Nxd4 17. Bxd4 Qxa2 18. Bxg7 Kxg7 19. Rfe1 Rxd1 20. Rxd1 e6 21. g3 Qc4 22. Rd7 a5 23. b3 Qc6 24. Rd3 Rc8 25. c4 b5 26. Rc3 b4 27. Re3 Rd8 28. h4 Qc5 29. Qb2+ Qd4 30. Qxd4+ Rxd4 31. Kg2 Kf6 32. Kf3 Rd2 33. c5 Rc2 0-1

[Event "FRA-ch Blitz Online Qual"]
[Site "Europe Echecs INT"]
[Date "2020.05.16"]
[Round "15"]
[White "Ragneau, Freddy"]
[Black "Chevillon, Celia"]
[Result "1-0"]
[WhiteElo "1859"]
[BlackElo "1433"]
[PlyCount "45"]
[EventDate "2020.05.16"]
[EventType "swiss (blitz)"]
[EventRounds "15"]
[EventCountry "FRA"]
[SourceTitle "CBM 196 Extra"]
[Source "ChessBase"]
[SourceDate "2020.07.31"]
[SourceVersion "1"]
[SourceVersionDate "2020.07.31"]
[SourceQuality "1"]

1. e4 e5 2. Nf3 Nc6 3. Bc4 Bc5 4. c3 Nf6 5. d3 d6 6. Nbd2 Be6 7. a4 Bxc4 8. Nxc4 a6 9. Be3 Ba7 10. h3 h6 11. b4 Qd7 12. b5 Bxe3 13. bxc6 Bxf2+ 14. Kxf2 bxc6 15. Rb1 0-0 16. Qc2 Rfe8 17. Rhe1 Rab8 18. Rxb8 Rxb8 19. Rb1 Qc8 20. Na5 Rb6 21. Kf1 Qb7 22. Nxb7 Rxb1+ 23. Qxb1 1-0

[Event "FRA-ch Blitz Online Qual"]
[Site "Europe Echecs INT"]
[Date "2020.05.16"]
[Round "1"]
[White "Ragneau, Freddy"]
[Black "Fronius, Lino"]
[Result "1-0"]
[WhiteElo "1859"]
[BlackElo "1313"]
[PlyCount "57"]
[EventDate "2020.05.16"]
[EventType "swiss (blitz)"]
[EventRounds "15"]
[EventCountry "FRA"]
[SourceTitle "CBM 196 Extra"]
[Source "ChessBase"]
[SourceDate "2020.07.31"]
[SourceVersion "1"]
[SourceVersionDate "2020.07.31"]
[SourceQuality "1"]

1. e4 e5 2. Nf3 Nc6 3. d4 exd4 4. Nxd4 Bc5 5. c3 d6 6. Be2 Nf6 7. Bf3 Ne5 8. 0-0 h6 9. Nd2 g5 10. Be2 Bd7 11. b4 Bb6 12. a4 a6 13. Qc2 Be6 14. N2f3 Bxd4 15. cxd4 Nxf3+ 16. Bxf3 Qd7 17. e5 Nd5 18. Bxd5 Bxd5 19. exd6 Qxd6 20. Re1+ Be6 21. Bb2 Qd5 22. Rac1 c6 23. Qc5 Kd7 24. Bc3 Rhc8 25. Qb6 h5 26. Re5 Qb3 27. Qxb7+ Ke8 28. Qb6 Qa3 29. Ree1 1-0

[Event "FRA-ch Blitz Online Qual"]
[Site "Europe Echecs INT"]
[Date "2020.05.16"]
[Round "5"]
[White "Ragneau, Freddy"]
[Black "Roussel, Matthieu"]
[Result "0-1"]
[WhiteElo "1859"]
[BlackElo "1577"]
[PlyCount "162"]
[EventDate "2020.05.16"]
[EventType "swiss (blitz)"]
[EventRounds "15"]
[EventCountry "FRA"]
[SourceTitle "CBM 196 Extra"]
[Source "ChessBase"]
[SourceDate "2020.07.31"]
[SourceVersion "1"]
[SourceVersionDate "2020.07.31"]
[SourceQuality "1"]

1. e4 e5 2. Nf3 Nc6 3. Bc4 Nf6 4. Ng5 d5 5. exd5 Na5 6. Bb5+ c6 7. dxc6 bxc6 8. Be2 h6 9. Nf3 e4 10. Ne5 Bc5 11. d4 Qxd4 12. Qxd4 Bxd4 13. Nc4 Nxc4 14. Bxc4 Ng4 15. 0-0 e3 16. Re1 0-0 17. fxe3 Bb6 18. h3 Ne5 19. Na3 Bc5 20. Be2 Bf5 21. Bd2 Bxa3 22. bxa3 Bxc2 23. Bb4 Rfe8 24. Rac1 Bd3 25. Kf1 Rad8 26. Rcd1 Bxe2+ 27. Kxe2 Rxd1 28. Rxd1 Nc4 29. Rd3 f5 30. Bc5 Ne5 31. Rd6 a6 32. Rd1 Kf7 33. Rb1 Nc4 34. Rb7+ Kg8 35. Ra7 a5 36. Ra6 Re6 37. a4 Kh7 38. a3 Re4 39. Kd3 Nb2+ 40. Kc2 Nxa4 41. Bd4 c5 42. Bb2 Rxe3 43. Rxa5 Re2+ 44. Kb3 Nxb2 45. Rxc5 Nd1 46. Rc7 Rxg2 47. a4 Ne3 48. a5 Nd5 49. Rd7 Nf6 50. Re7 Rg3+ 51. Ka4 Rg1 52. Kb5 Ra1 53. a6 Nd5 54. Rb7 Nc3+ 55. Kb6 Na4+ 56. Ka7 Nc5 57. Rb6 Nxa6 58. Kb7 Nc5+ 59. Kc6 Ne4 60. Kd5 Rf1 61. Ke5 Ng3 62. Rb3 Nh5 63. Kd4 Kg6 64. Re3 Kg5 65. Re8 g6 66. Ke3 Rg1 67. Kf2 Ra1 68. Rf8 Ra2+ 69. Kf3 Ra3+ 70. Kg2 Nf4+ 71. Kf1 Nxh3 72. Rh8 h5 73. Kg2 Nf4+ 74. Kf1 Rh3 75. Kf2 Kg4 76. Rg8 g5 77. Kg1 Ra3 78. Kf2 h4 79. Rb8 h3 80. Rb2 Nd3+ 81. Kg1 Nxb2 0-1

[Event "Avoine op 34th"]
[Site "Avoine"]
[Date "2019.07.20"]
[Round "4"]
[White "Joly, Julien"]
[Black "Ragneau, Freddy"]
[Result "1-0"]
[WhiteElo "2060"]
[BlackElo "1824"]
[PlyCount "67"]
[EventDate "2019.07.20"]
[EventType "swiss"]
[EventRounds "9"]
[EventCountry "FRA"]
[SourceTitle "EXT 2020"]
[Source "ChessBase"]
[SourceDate "2019.10.17"]
[SourceVersion "1"]
[SourceVersionDate "2019.10.17"]
[SourceQuality "1"]

1. e4 Nf6 2. e5 Nd5 3. c4 Nb6 4. d4 d6 5. exd6 exd6 6. Nf3 Be7 7. Be2 0-0 8. h3 Bf6 9. Nc3 Bf5 10. Be3 Nc6 11. 0-0 Ne7 12. g4 Be6 13. g5 Bxd4 14. Nxd4 Bxh3 15. Re1 Ng6 16. Kh2 Bc8 17. Rg1 Ne5 18. b3 f5 19. f4 Ng4+ 20. Bxg4 fxg4 21. Qd3 Qe8 22. Kg3 a6 23. Rh1 g6 24. Ne4 c5 25. Ne2 Bf5 26. N2c3 Qe6 27. Qxd6 Rae8 28. Qxe6+ Rxe6 29. Bxc5 Rd8 30. Rad1 Rde8 31. Nf6+ Rxf6 32. gxf6 Nd7 33. f7+ Kxf7 34. Rxh7+ 1-0

[Event "FRA-ch op-B"]
[Site "Chartres"]
[Date "2019.??.??"]
[Round "6"]
[White "Ragneau, Freddy"]
[Black "Le Solleu, Guillaume"]
[Result "1-0"]
[WhiteElo "1808"]
[BlackElo "1833"]
[PlyCount "107"]
[EventDate "2019.08.17"]
[EventType "swiss"]
[EventRounds "9"]
[EventCountry "FRA"]
[SourceTitle "EXT 2020"]
[Source "ChessBase"]
[SourceDate "2019.10.17"]
[SourceVersion "1"]
[SourceVersionDate "2019.10.17"]
[SourceQuality "1"]

1. e4 c5 2. Nf3 e6 3. a3 a6 4. d4 cxd4 5. Nxd4 Nf6 6. Nc3 Qc7 7. Be2 Nc6 8. 0-0 Nxd4 9. Qxd4 Bd6 10. h3 Bc5 11. Qd3 b5 12. Be3 Bxe3 13. Qxe3 Bb7 14. Rfd1 0-0 15. Rac1 d6 16. Rd2 Rfd8 17. Rcd1 d5 18. e5 Nd7 19. f4 Rac8 20. Na2 Qc5 21. Qxc5 Rxc5 22. c3 Nb6 23. Bf3 Nc4 24. Re2 Rcc8 25. Nc1 a5 26. Nb3 Ba6 27. Ra1 Rb8 28. Nd4 Rdc8 29. f5 Re8 30. fxe6 fxe6 31. Bg4 Bc8 32. b3 Nb6 33. Nxb5 Ba6 34. a4 Nd7 35. c4 dxc4 36. bxc4 Rb6 37. Rd1 Bxb5 38. cxb5 Nc5 39. Rd4 Kf7 40. Rc2 Nxa4 41. Rxa4 Rxb5 42. Rc7+ Kg6 43. Bf3 Rxe5 44. Rg4+ Kf6 45. Rgxg7 Re1+ 46. Kf2 Ra1 47. Rcf7+ Ke5 48. Rxh7 a4 49. Ra7 Rb8 50. Ra5+ Kd6 51. Ra6+ Kc5 52. Rh5+ Kb4 53. Rh4+ Kb3 54. Rhxa4 1-0

[Event "Avoine op 32nd"]
[Site "Avoine"]
[Date "2017.07.22"]
[Round "5"]
[White "Valette, Christian"]
[Black "Ragneau, Freddy"]
[Result "0-1"]
[WhiteElo "2069"]
[BlackElo "1755"]
[PlyCount "110"]
[EventDate "2017.07.22"]
[EventType "swiss"]
[EventRounds "9"]
[EventCountry "FRA"]
[SourceTitle "CBM 179 Extra"]
[Source "ChessBase"]
[SourceDate "2017.08.23"]
[SourceVersion "1"]
[SourceVersionDate "2017.08.23"]
[SourceQuality "1"]

1. d4 Nf6 2. Nf3 e6 3. e3 c5 4. Bd3 Nc6 5. 0-0 Be7 6. b3 0-0 7. Bb2 d5 8. Nbd2 cxd4 9. exd4 Nb4 10. Be2 b6 11. a3 Nc6 12. Bd3 Bb7 13. Qe2 Rc8 14. Rfe1 Bd6 15. Ne5 Ne7 16. Rac1 Bb8 17. Qf3 Qc7 18. a4 Nc6 19. c3 Qe7 20. Qh3 Rfe8 21. f4 g6 22. Re3 Nh5 23. g3 Nxe5 24. fxe5 Qg5 25. Rce1 Nf4 26. Qf1 Nxd3 27. Qxd3 Bc7 28. Qe2 Bd8 29. h4 Qh6 30. Qf2 Be7 31. Nf1 Qg7 32. Nh2 h5 33. Rf3 Rf8 34. g4 Qh7 35. Rf4 Rc7 36. Kh1 Ba6 37. Re3 Qh6 38. Ref3 Bxh4 39. Qxh4 g5 40. Qh3 gxf4 41. gxh5 f5 42. exf6 Qxf6 43. Ng4 Qg5 44. Ne5 Rf5 45. Rf2 Rg7 46. Rg2 Qxh5 47. Rxg7+ Kxg7 48. Qxh5 Rxh5+ 49. Kg2 Be2 50. c4 f3+ 51. Kf2 Rh2+ 52. Ke3 Bxc4 53. bxc4 Rxb2 54. Kxf3 dxc4 55. Nxc4 Rb4 0-1

[Event "FRA-ch op-D"]
[Site "Pau"]
[Date "2012.08.22"]
[Round "8"]
[White "Ragneau, Freddy"]
[Black "Apap, Titouan"]
[Result "0-1"]
[WhiteElo "1499"]
[BlackElo "1420"]
[PlyCount "90"]
[EventDate "2012.08.14"]
[EventType "swiss"]
[EventRounds "11"]
[EventCountry "FRA"]
[SourceTitle "EXT 2014"]
[Source "ChessBase"]
[SourceDate "2013.11.20"]
[SourceVersion "1"]
[SourceVersionDate "2013.11.20"]
[SourceQuality "1"]

1. d4 d5 2. c4 c6 3. Nc3 Nf6 4. Nf3 e6 5. Bg5 Nbd7 6. e3 Qa5 7. Bd3 dxc4 8. Bxf6 Nxf6 9. Bxc4 Bb4 10. Rc1 b5 11. Bb3 Ne4 12. Qd3 Nxc3 13. bxc3 Ba3 14. Rc2 0-0 15. 0-0 Rd8 16. Qe4 Rb8 17. Ne5 Bb7 18. Qf4 Qc7 19. Nd3 Bd6 20. Qh4 Ba6 21. Nb4 Bb7 22. Nd3 a5 23. Rcc1 h6 24. c4 Ba3 25. Rc3 a4 26. Bd1 Be7 27. Qh5 bxc4 28. Rxc4 Ba6 29. Rc3 Bb4 30. Nxb4 Rxb4 31. Be2 Rd5 32. Qf3 Rf5 33. Rxc6 Qe7 34. Qg4 h5 35. Qe4 Bxe2 36. Re1 Ba6 37. Rxa6 Rb2 38. Rxa4 Rbxf2 39. Ra8+ Kh7 40. g4 hxg4 41. Rc8 Qh4 42. Qh1 Qh3 43. Rcc1 Rxa2 44. Rc5 Rf1+ 45. Rxf1 Qxe3+ 0-1